[Event "Nord Norsk-ch"]
[Site "Tromsoe"]
[Date "2008.05.09"]
[Round "5"]
[White "Skognes, Runar Harr"]
[Black "Schaeffer, Janos"]
[Result "1-0"]
[WhiteElo "1169"]
[BlackElo "1342"]
[PlyCount "73"]
[EventDate "2008.05.09"]
[EventType "swiss"]
[EventRounds "6"]
[EventCountry "NOR"]
[SourceTitle "EXT 2010"]
[Source "ChessBase"]
[SourceDate "2010.11.25"]
[SourceVersion "1"]
[SourceVersionDate "2010.11.25"]
[SourceQuality "1"]

1. e4 e5 2. Nf3 Nc6 3. d4 exd4 4. Bc4 d6 5. Nxd4 Nxd4 6. Qxd4 Be7 7. Qxg7 Be6 8. Bxe6 fxe6 9. Qxh8 Kd7 10. Qd4 Qf8 11. Be3 c6 12. Nc3 b6 13. e5 Kc7 14. 0-0-0 d5 15. Qf4 Qg7 16. g3 Rf8 17. Qa4 Kb7 18. Rhe1 Nh6 19. Ne2 Ng4 20. Nd4 Rc8 21. Nxe6 Qg8 22. Nd4 Nxe5 23. Bf4 Ng6 24. Nf5 Bc5 25. Nd6+ Bxd6 26. Bxd6 Qd8 27. Re6 b5 28. Qa3 a5 29. Qc5 a4 30. Rde1 Qa5 31. Qb4 Qb6 32. Bc5 Qd8 33. Re7+ Nxe7 34. Rxe7+ Rc7 35. Qa5 Qb8 36. Qb6+ Ka8 37. Qxc7 1-0